| 000 | 00917ntm a22003497a 4500 | ||
|---|---|---|---|
| 005 | 20190115091753.0 | ||
| 008 | 190108b xxu||||| |||| 00| 0 spa d | ||
| 020 | _a9786076225547 | ||
| 041 | _aspa | ||
| 082 | _a657 O15e | ||
| 100 |
_aOceda Samaniego, César _951420 |
||
| 245 | _aExcel contable | ||
| 260 | _aMéxico | ||
| 260 | _bAlfaomega | ||
| 260 | _c2016 | ||
| 300 | _a288 páginas | ||
| 505 | _aContiene disco compacto N° 798 | ||
| 650 |
_aCONTABILIDAD _92655 |
||
| 650 |
_aEXCEL _98355 |
||
| 650 |
_aINVENTARIOS _91923 |
||
| 650 |
_aBALANCES _97824 |
||
| 650 |
_aREGISTRO DE COMPRAS _951421 |
||
| 650 |
_aLIBRO DE CAJA _951422 |
||
| 650 |
_aBANCOS _91597 |
||
| 650 |
_aFUNCIONES FINANCIERAS _951423 |
||
| 650 |
_aLIBRO DIARIO _951424 |
||
| 650 |
_aREGISTRO DE VENTAS _951425 |
||
| 650 |
_aLIBRO MAYOR _981 |
||
| 650 |
_aREGISTRO KARDEX _951426 |
||
| 650 |
_aMACROS _99422 |
||
| 942 | _cBK | ||
| 999 |
_c11483 _d11483 |
||